| 000 | 00963 a2200241 4500 | ||
|---|---|---|---|
| 999 |
_c458052 _d458052 |
||
| 003 | UA-OsUOA | ||
| 005 | 20200213090632.0 | ||
| 008 | 200212b un ||||| |||| 00| 0 ukr d | ||
| 040 |
_aUA-OsUOA _bukr _cUA-OsUOA _dUA-OsUOA |
||
| 041 | _aukr | ||
| 080 | _a929 | ||
| 090 |
_a929 _bБ16 |
||
| 100 | _aБажанський М. | ||
| 245 |
_aВічно житимуть... Постаті від зарання історії, аж до найновіших часів _cМ. Бажанський _bбіографічний словник |
||
| 260 |
_c1984 _aДітройт |
||
| 300 | _a524 с. | ||
| 490 |
_aБібліотека видавництва "Снятин" _vвип. 8 |
||
| 650 |
_2UDC _a929 Біографічні дослідження |
||
| 700 | 1 | _aБажанський М. | |
| 942 |
_cBK _2udc |
||
| 955 | _a1 | ||